[Event "XLIV Memoriał Szachowy Ludwika Zamenhofa 2025, Grupa B"]
[Site "Bialystok, Poland"]
[Date "2025.12.27"]
[Round "2.20"]
[White "Endeladze, Ramaz"]
[Black "Kalus, Franciszek"]
[Result "1-0"]
[TimeControl "90'+30\""]
[WhiteElo "2133"]
[BlackElo "1822"]

1. d4 {[%clk 01:30:58]} {[%emt 00:00:01]} Nf6 {[%clk 01:30:54]} {[%emt
00:00:06]} 2. Nf3 {[%clk 01:31:26]} {[%emt 00:00:02]} e6 {[%clk 01:31:15]}
{[%emt 00:00:10]} 3. c4 {[%clk 01:31:55]} d5 {[%clk 01:31:35]} {[%emt
00:00:09]} 4. Nc3 {[%clk 01:32:24]} {[%emt 00:00:02]} Be7 {[%clk 01:31:57]}
{[%emt 00:00:08]} 5. Bf4 {[%clk 01:32:02]} {[%emt 00:00:52]} O-O {[%clk
01:32:17]} {[%emt 00:00:10]} 6. e3 {[%clk 01:32:31]} {[%emt 00:00:01]} c5
{[%clk 01:32:39]} {[%emt 00:00:07]} 7. cxd5 {[%clk 01:32:52]} {[%emt 00:00:10]}
Nxd5 {[%clk 01:32:12]} {[%emt 00:00:57]} 8. Nxd5 {[%clk 01:33:15]} {[%emt
00:00:07]} Qxd5 {[%clk 01:32:35]} {[%emt 00:00:07]} 9. a3 {[%clk 01:31:38]}
{[%emt 00:02:08]} Nc6 {[%clk 01:30:45]} {[%emt 00:02:19]} 10. dxc5 {[%clk
01:31:47]} {[%emt 00:00:21]} Qxc5 {[%clk 01:30:54]} {[%emt 00:00:21]} 11. Be2
{[%clk 01:25:02]} {[%emt 00:07:15]} e5 {[%clk 01:21:59]} {[%emt 00:09:25]} 12.
Bg5 {[%clk 01:23:58]} {[%emt 00:01:34]} Bxg5 {[%clk 01:10:18]} {[%emt
00:12:10]} 13. Nxg5 {[%clk 01:24:19]} {[%emt 00:00:10]} Bf5 {[%clk 01:10:29]}
{[%emt 00:00:18]} 14. Bf3 {[%clk 01:19:55]} {[%emt 00:04:54]} Rfd8 {[%clk
01:00:01]} {[%emt 00:10:59]} 15. Qb3 {[%clk 01:14:54]} {[%emt 00:05:30]} Qa5+
{[%clk 00:54:55]} {[%emt 00:05:36]} 16. Kf1 {[%clk 01:15:06]} {[%emt 00:00:18]}
Rd7 {[%clk 00:52:02]} {[%emt 00:03:23]} 17. g4 {[%clk 01:11:32]} {[%emt
00:04:05]} Bd3+ {[%clk 00:40:11]} {[%emt 00:12:20]} 18. Kg2 {[%clk 01:10:07]}
{[%emt 00:01:55]} e4 {[%clk 00:37:33]} {[%emt 00:03:08]} 19. Nxe4 {[%clk
01:08:58]} {[%emt 00:01:39]} Ne5 {[%clk 00:37:48]} {[%emt 00:00:15]} 20. Ng3
{[%clk 01:09:06]} {[%emt 00:00:22]} Nxf3 {[%clk 00:36:30]} {[%emt 00:01:47]} 21.
Kxf3 {[%clk 01:09:32]} {[%emt 00:00:03]} Bb5 {[%clk 00:33:34]} {[%emt
00:03:27]} 22. Rac1 {[%clk 01:00:45]} {[%emt 00:09:18]} Rd3 {[%clk 00:32:00]}
{[%emt 00:02:05]} 23. Qb4 {[%clk 00:51:10]} {[%emt 00:10:04]} Bc6+ {[%clk
00:27:44]} {[%emt 00:04:46]} 24. Rxc6 {[%clk 00:51:35]} {[%emt 00:00:05]} Qxb4
{[%clk 00:28:08]} {[%emt 00:00:06]} 25. axb4 {[%clk 00:52:03]} {[%emt
00:00:02]} bxc6 {[%clk 00:28:31]} {[%emt 00:00:07]} 26. Nf5 {[%clk 00:52:25]}
{[%emt 00:00:07]} Kf8 {[%clk 00:22:25]} {[%emt 00:06:30]} 27. Nd4 {[%clk
00:52:51]} {[%emt 00:00:11]} Rc8 {[%clk 00:21:22]} {[%emt 00:01:33]} 28. Ke2
{[%clk 00:50:16]} {[%emt 00:03:05]} Rxd4 {[%clk 00:21:08]} {[%emt 00:00:44]} 29.
exd4 {[%clk 00:50:44]} {[%emt 00:00:01]} Rb8 {[%clk 00:21:30]} {[%emt
00:00:08]} 30. Kd3 {[%clk 00:49:58]} {[%emt 00:01:16]} Rxb4 {[%clk 00:21:48]}
{[%emt 00:00:12]} 31. Kc3 {[%clk 00:50:27]} a5 {[%clk 00:21:15]} {[%emt
00:01:03]} 32. Re1 {[%clk 00:50:38]} {[%emt 00:00:19]} Rb5 {[%clk 00:20:43]}
{[%emt 00:01:03]} 33. b3 {[%clk 00:51:05]} {[%emt 00:00:02]} Rd5 {[%clk
00:18:34]} {[%emt 00:02:39]} 34. Kc4 {[%clk 00:51:14]} {[%emt 00:00:21]} Rd7
{[%clk 00:17:09]} {[%emt 00:01:55]} 35. Re5 {[%clk 00:48:49]} {[%emt 00:02:55]}
Ra7 {[%clk 00:17:31]} {[%emt 00:00:08]} 36. Kc5 {[%clk 00:48:33]} {[%emt
00:00:46]} a4 {[%clk 00:17:51]} {[%emt 00:00:11]} 37. Kb6 {[%clk 00:48:57]}
{[%emt 00:00:06]} Ra8 {[%clk 00:16:35]} {[%emt 00:01:45]} 38. Kb7 {[%clk
00:49:17]} {[%emt 00:00:09]} Rd8 {[%clk 00:16:49]} {[%emt 00:00:16]} 39. bxa4
{[%clk 00:49:46]} {[%emt 00:00:02]} Rxd4 {[%clk 00:17:07]} {[%emt 00:00:12]} 40.
a5 {[%clk 00:50:12]} {[%emt 00:00:04]} Ra4 {[%clk 00:17:15]} {[%emt 00:00:22]}
41. a6 {[%clk 00:50:34]} {[%emt 00:00:07]} f6 {[%clk 00:17:42]} {[%emt
00:00:04]} 42. Rc5 {[%clk 00:50:43]} {[%emt 00:00:21]} Kf7 {[%clk 00:17:54]}
{[%emt 00:00:18]} 43. a7 {[%clk 00:51:08]} {[%emt 00:00:05]} Rb4+ {[%clk
00:18:15]} {[%emt 00:00:08]} 44. Kxc6 {[%clk 00:51:26]} {[%emt 00:00:12]} Ra4
{[%clk 00:18:39]} {[%emt 00:00:07]} 45. Kb7 {[%clk 00:51:50]} {[%emt 00:00:06]}
Rb4+ {[%clk 00:19:05]} {[%emt 00:00:04]} 46. Ka6 {[%clk 00:52:13]} {[%emt
00:00:07]} Ra4+ {[%clk 00:19:30]} {[%emt 00:00:04]} 47. Ra5 {[%clk 00:52:40]}
{[%emt 00:00:04]} 1-0

[Event "XLIV Memoriał Szachowy Ludwika Zamenhofa 2025, Grupa B"]
[Site "Bialystok, Poland"]
[Date "2025.12.27"]
[Round "2.21"]
[White "Kasperek, Ryszard"]
[Black "Wnorowski, Wiktor"]
[Result "1-0"]
[TimeControl "90'+30\""]
[WhiteElo "2088"]
[BlackElo "1838"]

1. e4 {[%clk 01:30:30]} {[%emt 03:41:59]} d6 {[%clk 01:30:54]} {[%emt
00:00:12]} 2. d4 {[%clk 01:31:16]} {[%emt 00:00:11]} Nf6 {[%clk 01:31:17]}
{[%emt 00:00:06]} 3. Nc3 {[%clk 01:31:39]} {[%emt 00:00:06]} Nbd7 {[%clk
01:31:41]} {[%emt 00:00:06]} 4. f4 {[%clk 01:31:27]} {[%emt 00:00:42]} e5
{[%clk 01:32:04]} {[%emt 00:00:07]} 5. Nf3 {[%clk 01:31:53]} {[%emt 00:00:04]}
exd4 {[%clk 01:32:29]} {[%emt 00:00:06]} 6. Qxd4 {[%clk 01:31:04]} {[%emt
00:01:19]} c6 {[%clk 01:32:50]} {[%emt 00:00:10]} 7. Be3 {[%clk 01:28:44]}
{[%emt 00:02:49]} d5 {[%clk 01:33:15]} {[%emt 00:00:06]} 8. e5 {[%clk
01:27:54]} {[%emt 00:01:20]} Ng4 {[%clk 01:33:31]} {[%emt 00:00:13]} 9. Bg1
{[%clk 01:27:35]} {[%emt 00:00:49]} h5 {[%clk 01:33:51]} {[%emt 00:00:10]} 10.
O-O-O {[%clk 01:13:51]} {[%emt 00:14:14]} Nh6 {[%clk 01:31:02]} {[%emt
00:03:19]} 11. Qd2 {[%clk 01:05:30]} {[%emt 00:08:51]} Bb4 {[%clk 01:29:46]}
{[%emt 00:01:46]} 12. a3 {[%clk 01:04:16]} {[%emt 00:01:44]} Be7 {[%clk
01:27:05]} {[%emt 00:03:11]} 13. Bd3 {[%clk 00:56:29]} {[%emt 00:08:17]} Nc5
{[%clk 01:23:22]} {[%emt 00:04:13]} 14. Bxc5 {[%clk 00:49:18]} {[%emt
00:07:42]} Bxc5 {[%clk 01:23:42]} {[%emt 00:00:10]} 15. Ng5 {[%clk 00:49:16]}
{[%emt 00:00:31]} O-O {[%clk 01:22:16]} {[%emt 00:01:56]} 16. h3 {[%clk
00:48:06]} {[%emt 00:01:40]} h4 {[%clk 01:20:41]} {[%emt 00:02:05]} 17. Qe1
{[%clk 00:45:23]} {[%emt 00:03:13]} b5 {[%clk 01:18:21]} {[%emt 00:02:50]} 18.
Qxh4 {[%clk 00:39:38]} {[%emt 00:06:14]} b4 {[%clk 01:15:40]} {[%emt 00:03:12]}
19. axb4 {[%clk 00:39:42]} {[%emt 00:00:26]} Bxb4 {[%clk 01:14:51]} {[%emt
00:01:19]} 20. f5 {[%clk 00:39:24]} {[%emt 00:00:48]} Bxf5 {[%clk 00:59:00]}
{[%emt 00:16:20]} 21. Bxf5 {[%clk 00:36:35]} {[%emt 00:03:20]} Bxc3 {[%clk
00:55:11]} {[%emt 00:04:20]} 22. bxc3 {[%clk 00:33:57]} {[%emt 00:03:07]} Qe7
{[%clk 00:49:49]} {[%emt 00:05:51]} 23. e6 {[%clk 00:29:40]} {[%emt 00:04:48]}
fxe6 {[%clk 00:49:05]} {[%emt 00:01:13]} 24. Bxe6+ {[%clk 00:29:47]} {[%emt
00:00:23]} Kh8 {[%clk 00:48:53]} {[%emt 00:00:42]} 25. Rhf1 {[%clk 00:29:37]}
{[%emt 00:00:40]} Qa3+ {[%clk 00:42:52]} {[%emt 00:06:31]} 26. Kd2 {[%clk
00:28:52]} {[%emt 00:01:16]} d4 {[%clk 00:41:50]} {[%emt 00:01:33]} 27. Bb3
{[%clk 00:22:48]} {[%emt 00:06:34]} Qa5 {[%clk 00:38:30]} {[%emt 00:03:51]} 28.
Nf7+ {[%clk 00:14:30]} {[%emt 00:08:47]} Kh7 {[%clk 00:32:52]} {[%emt
00:06:08]} 29. Qe4+ {[%clk 00:06:42]} {[%emt 00:08:18]} g6 {[%clk 00:32:22]}
{[%emt 00:01:00]} 30. Ne5 {[%clk 00:07:04]} {[%emt 00:00:08]} Nf5 {[%clk
00:31:29]} {[%emt 00:01:23]} 31. Rxf5 {[%clk 00:06:58]} {[%emt 00:00:35]} Rxf5
{[%clk 00:29:32]} {[%emt 00:02:27]} 32. Qh4+ {[%clk 00:07:26]} {[%emt
00:00:02]} Kg7 {[%clk 00:29:25]} {[%emt 00:00:37]} 33. Qe7+ {[%clk 00:07:20]}
{[%emt 00:00:36]} Kh6 {[%clk 00:28:17]} {[%emt 00:01:39]} 34. Ng4+ {[%clk
00:07:43]} {[%emt 00:00:07]} Kh5 {[%clk 00:28:38]} {[%emt 00:00:09]} 35. Qh7+
{[%clk 00:08:09]} {[%emt 00:00:03]} Kg5 {[%clk 00:29:02]} {[%emt 00:00:07]} 36.
Qh6# {[%clk 00:08:33]} {[%emt 00:00:04]} 1-0

[Event "XLIV Memoriał Szachowy Ludwika Zamenhofa 2025, Grupa B"]
[Site "Bialystok, Poland"]
[Date "2025.12.27"]
[Round "2.22"]
[White "Mielczarski, Miroslaw"]
[Black "Lenkov, Stanislav"]
[Result "1-0"]
[TimeControl "90'+30\""]
[WhiteElo "2042"]
[BlackElo "1769"]

1. c4 {[%clk 01:25:54]} {[%emt 00:04:55]} e5 {[%clk 01:30:31]} {[%emt
00:00:39]} 2. Nc3 {[%clk 01:25:59]} {[%emt 00:00:25]} Bb4 {[%clk 01:30:55]}
{[%emt 00:00:05]} 3. e3 {[%clk 01:26:04]} {[%emt 00:00:26]} Bxc3 {[%clk
01:31:04]} {[%emt 00:00:21]} 4. bxc3 {[%clk 01:26:27]} {[%emt 00:00:07]} d6
{[%clk 01:31:20]} {[%emt 00:00:15]} 5. d3 {[%clk 01:19:27]} {[%emt 00:07:30]}
Nf6 {[%clk 01:31:43]} {[%emt 00:00:07]} 6. e4 {[%clk 01:19:44]} {[%emt
00:00:12]} O-O {[%clk 01:31:26]} {[%emt 00:00:47]} 7. Be2 {[%clk 01:19:48]}
{[%emt 00:00:25]} c6 {[%clk 01:31:51]} {[%emt 00:00:05]} 8. Nf3 {[%clk
01:19:08]} {[%emt 00:01:10]} h6 {[%clk 01:31:59]} {[%emt 00:00:22]} 9. O-O
{[%clk 01:18:47]} {[%emt 00:00:50]} Re8 {[%clk 01:32:16]} {[%emt 00:00:13]} 10.
h3 {[%clk 01:17:59]} {[%emt 00:01:19]} d5 {[%clk 01:32:03]} {[%emt 00:00:43]}
11. Qc2 {[%clk 01:08:52]} {[%emt 00:09:37]} dxe4 {[%clk 01:30:37]} {[%emt
00:01:56]} 12. dxe4 {[%clk 01:09:19]} {[%emt 00:00:03]} c5 {[%clk 01:30:29]}
{[%emt 00:00:38]} 13. Rd1 {[%clk 01:09:12]} {[%emt 00:00:36]} Qc7 {[%clk
01:30:22]} {[%emt 00:00:37]} 14. Nd2 {[%clk 01:09:18]} {[%emt 00:00:26]} Nbd7
{[%clk 01:30:15]} {[%emt 00:00:33]} 15. Nf1 {[%clk 01:09:13]} {[%emt 00:00:37]}
Nb6 {[%clk 01:27:38]} {[%emt 00:03:09]} 16. Ne3 {[%clk 01:08:27]} {[%emt
00:01:15]} Bd7 {[%clk 01:27:57]} {[%emt 00:00:11]} 17. a4 {[%clk 01:08:04]}
{[%emt 00:00:55]} Nc8 {[%clk 01:16:24]} {[%emt 00:12:02]} 18. a5 {[%clk
00:33:19]} {[%emt 00:35:14]} Be6 {[%clk 01:12:53]} {[%emt 00:04:01]} 19. Nd5
{[%clk 00:29:12]} {[%emt 00:04:38]} Bxd5 {[%clk 01:12:59]} {[%emt 00:00:24]} 20.
exd5 {[%clk 00:29:21]} {[%emt 00:00:20]} Nd6 {[%clk 01:13:11]} {[%emt
00:00:19]} 21. Be3 {[%clk 00:29:30]} {[%emt 00:00:20]} Nd7 {[%clk 01:13:01]}
{[%emt 00:00:41]} 22. Bf1 {[%clk 00:25:39]} {[%emt 00:04:20]} f5 {[%clk
01:11:19]} {[%emt 00:02:12]} 23. f4 {[%clk 00:25:23]} {[%emt 00:00:46]} Ne4
{[%clk 01:09:12]} {[%emt 00:02:37]} 24. d6 {[%clk 00:24:44]} {[%emt 00:01:09]}
Nxd6 {[%clk 01:08:30]} {[%emt 00:01:13]} 25. Qd3 {[%clk 00:22:15]} {[%emt
00:02:58]} Re6 {[%clk 01:07:16]} {[%emt 00:01:44]} 26. Qd5 {[%clk 00:18:26]}
{[%emt 00:04:19]} Rae8 {[%clk 01:07:30]} {[%emt 00:00:16]} 27. fxe5 {[%clk
00:18:25]} {[%emt 00:00:31]} Nxe5 {[%clk 01:07:33]} {[%emt 00:00:27]} 28. Bxc5
{[%clk 00:16:05]} {[%emt 00:02:50]} Ndf7 {[%clk 01:06:46]} {[%emt 00:01:16]} 29.
Kh1 {[%clk 00:10:28]} {[%emt 00:06:08]} b6 {[%clk 01:01:53]} {[%emt 00:05:24]}
30. axb6 {[%clk 00:10:49]} {[%emt 00:00:09]} axb6 {[%clk 01:02:21]} {[%emt
00:00:02]} 31. Bb4 {[%clk 00:05:23]} {[%emt 00:05:56]} Rc6 {[%clk 01:01:40]}
{[%emt 00:01:11]} 32. Rd4 {[%clk 00:02:37]} {[%emt 00:03:16]} Rg6 {[%clk
01:00:19]} {[%emt 00:01:50]} 33. c5 {[%clk 00:02:05]} {[%emt 00:01:03]} bxc5
{[%clk 00:57:54]} {[%emt 00:02:53]} 34. Qxc5 {[%clk 00:02:01]} {[%emt
00:00:34]} Qb8 {[%clk 00:58:15]} {[%emt 00:00:08]} 35. Qa7 {[%clk 00:01:47]}
{[%emt 00:00:46]} Qxa7 {[%clk 00:57:22]} {[%emt 00:01:23]} 36. Rxa7 {[%clk
00:02:15]} {[%emt 00:00:01]} Nc6 {[%clk 00:57:51]} 37. Ra6 {[%clk 00:02:23]}
{[%emt 00:00:23]} Re1 {[%clk 00:52:12]} {[%emt 00:06:09]} 38. Rf4 {[%clk
00:02:25]} {[%emt 00:00:28]} Rf6 {[%clk 00:52:19]} {[%emt 00:00:23]} 39. Kh2
{[%clk 00:01:41]} {[%emt 00:01:14]} Nfe5 {[%clk 00:52:30]} {[%emt 00:00:20]} 40.
Bb5 {[%clk 00:00:36]} {[%emt 00:01:35]} Nxb4 {[%clk 00:52:18]} {[%emt
00:00:42]} 41. Rxf6 {[%clk 00:00:46]} {[%emt 00:00:20]} Nd5 {[%clk 00:52:30]}
{[%emt 00:00:18]} 42. R6xf5 {[%clk 00:00:59]} {[%emt 00:00:16]} Nxf4 {[%clk
00:52:09]} {[%emt 00:00:48]} 43. Rxf4 {[%clk 00:01:29]} Rc1 {[%clk 00:51:31]}
{[%emt 00:01:11]} 44. Re4 {[%clk 00:01:28]} {[%emt 00:00:31]} Ng6 {[%clk
00:50:51]} {[%emt 00:01:11]} 45. c4 {[%clk 00:01:35]} {[%emt 00:00:23]} Kf7
{[%clk 00:51:00]} {[%emt 00:00:20]} 46. Bc6 {[%clk 00:00:59]} {[%emt 00:01:06]}
Ne7 {[%clk 00:50:20]} {[%emt 00:01:10]} 47. Bd7 {[%clk 00:01:18]} {[%emt
00:00:10]} Rc3 {[%clk 00:50:21]} {[%emt 00:00:30]} 48. Rf4+ {[%clk 00:01:10]}
{[%emt 00:00:36]} Kg6 {[%clk 00:50:33]} {[%emt 00:00:17]} 49. h4 {[%clk
00:01:28]} {[%emt 00:00:13]} Ng8 {[%clk 00:45:36]} {[%emt 00:05:28]} 50. Be8+
{[%clk 00:01:17]} {[%emt 00:00:41]} Kh7 {[%clk 00:45:56]} {[%emt 00:00:10]} 51.
h5 {[%clk 00:01:38]} {[%emt 00:00:09]} Nf6 {[%clk 00:46:23]} {[%emt 00:00:03]}
52. Bf7 {[%clk 00:01:55]} {[%emt 00:00:11]} Rd3 {[%clk 00:43:47]} {[%emt
00:03:09]} 53. Bg6+ {[%clk 00:01:39]} {[%emt 00:00:13]} 1-0

[Event "XLIV Memoriał Szachowy Ludwika Zamenhofa 2025, Grupa B"]
[Site "Bialystok, Poland"]
[Date "2025.12.27"]
[Round "2.23"]
[White "Maciejewski, Kamil"]
[Black "Kultucki, Kamil"]
[Result "1/2-1/2"]
[TimeControl "90'+30\""]
[WhiteElo "2036"]
[BlackElo "1781"]

1. g3 {[%clk 01:30:46]} {[%emt 00:00:13]} d5 {[%clk 01:30:32]} {[%emt
00:00:28]} 2. Nf3 {[%clk 01:30:31]} {[%emt 00:00:45]} Nf6 {[%clk 01:30:36]}
{[%emt 00:00:26]} 3. Bg2 {[%clk 01:30:28]} {[%emt 00:00:33]} g6 {[%clk
01:30:44]} {[%emt 00:00:22]} 4. d4 {[%clk 01:23:35]} {[%emt 00:07:23]} Bg7
{[%clk 01:30:07]} {[%emt 00:01:07]} 5. c4 {[%clk 01:18:56]} {[%emt 00:05:10]}
c6 {[%clk 01:29:50]} {[%emt 00:00:46]} 6. cxd5 {[%clk 01:17:54]} {[%emt
00:01:32]} Nxd5 {[%clk 01:28:57]} {[%emt 00:01:22]} 7. e4 {[%clk 01:12:54]}
{[%emt 00:05:31]} Nb6 {[%clk 01:27:21]} {[%emt 00:02:06]} 8. h3 {[%clk
01:06:11]} {[%emt 00:07:13]} O-O {[%clk 01:26:42]} {[%emt 00:01:08]} 9. O-O
{[%clk 01:05:19]} {[%emt 00:01:22]} e6 {[%clk 01:24:08]} {[%emt 00:03:03]} 10.
Bg5 {[%clk 00:57:17]} {[%emt 00:08:33]} f6 {[%clk 01:23:40]} {[%emt 00:00:58]}
11. Bf4 {[%clk 00:55:32]} {[%emt 00:02:15]} Qe7 {[%clk 01:19:28]} {[%emt
00:04:42]} 12. Nc3 {[%clk 00:48:54]} {[%emt 00:07:08]} Rd8 {[%clk 01:15:15]}
{[%emt 00:04:42]} 13. Qb3 {[%clk 00:43:32]} {[%emt 00:05:53]} Kh8 {[%clk
01:11:47]} {[%emt 00:03:58]} 14. Rfd1 {[%clk 00:30:28]} {[%emt 00:13:34]} Na6
{[%clk 01:05:27]} {[%emt 00:06:49]} 15. a3 {[%clk 00:22:41]} {[%emt 00:08:18]}
Bd7 {[%clk 00:58:24]} {[%emt 00:07:33]} 16. e5 {[%clk 00:18:34]} {[%emt
00:04:37]} Be8 {[%clk 00:56:06]} {[%emt 00:02:47]} 17. exf6 {[%clk 00:17:27]}
{[%emt 00:01:38]} Bxf6 {[%clk 00:55:55]} {[%emt 00:00:40]} 18. Ne4 {[%clk
00:16:03]} {[%emt 00:01:55]} Nd5 {[%clk 00:55:27]} {[%emt 00:00:57]} 19. Bh6
{[%clk 00:13:25]} {[%emt 00:03:08]} Bf7 {[%clk 00:52:02]} {[%emt 00:03:55]} 20.
Nxf6 {[%clk 00:12:59]} {[%emt 00:00:56]} Nxf6 {[%clk 00:51:55]} {[%emt
00:00:36]} 21. Ne5 {[%clk 00:11:28]} {[%emt 00:02:02]} Bg8 {[%clk 00:51:11]}
{[%emt 00:01:14]} 22. Bg5 {[%clk 00:09:23]} {[%emt 00:02:35]} Rf8 {[%clk
00:50:14]} {[%emt 00:01:27]} 23. Ng4 {[%clk 00:08:07]} {[%emt 00:01:46]} e5
{[%clk 00:41:46]} {[%emt 00:08:57]} 24. Qc3 {[%clk 00:06:33]} {[%emt 00:02:06]}
Qe6 {[%clk 00:37:33]} {[%emt 00:04:42]} 25. Bxf6+ {[%clk 00:06:09]} {[%emt
00:00:54]} Rxf6 {[%clk 00:37:55]} {[%emt 00:00:08]} 26. Nxf6 {[%clk 00:06:27]}
{[%emt 00:00:13]} Qxf6 {[%clk 00:38:14]} {[%emt 00:00:11]} 27. dxe5 {[%clk
00:06:10]} {[%emt 00:00:47]} Qg7 {[%clk 00:38:20]} {[%emt 00:00:22]} 28. Rd6
{[%clk 00:04:00]} {[%emt 00:02:41]} Re8 {[%emt 00:01:56]} 29. f4 {[%clk
00:02:49]} Nc7 {[%clk 00:38:51]} {[%emt 00:00:15]} 30. Rad1 {[%clk 00:02:39]}
{[%emt 00:00:39]} Nb5 {[%clk 00:39:03]} {[%emt 00:00:18]} 31. Qb4 {[%clk
00:02:08]} {[%emt 00:01:01]} Nxd6 {[%clk 00:38:57]} {[%emt 00:00:36]} 32. Qxd6
{[%clk 00:01:05]} {[%emt 00:01:33]} Be6 {[%clk 00:37:35]} {[%emt 00:01:52]} 33.
Kh2 {[%clk 00:00:58]} {[%emt 00:00:37]} Qf7 {[%clk 00:35:58]} {[%emt 00:02:07]}
34. Qd4 {[%clk 00:00:40]} {[%emt 00:00:48]} a6 {[%clk 00:35:42]} {[%emt
00:00:46]} 35. b4 {[%clk 00:00:32]} {[%emt 00:00:38]} Qc7 {[%clk 00:35:35]}
{[%emt 00:00:36]} 36. Bf1 {[%clk 00:00:32]} {[%emt 00:00:30]} Qf7 {[%clk
00:34:55]} {[%emt 00:01:10]} 37. Bg2 {[%clk 00:00:33]} {[%emt 00:00:30]} Qc7
{[%clk 00:34:23]} {[%emt 00:01:02]} 38. Qd6 {[%clk 00:00:35]} {[%emt 00:00:28]}
Qf7 {[%clk 00:32:33]} {[%emt 00:02:20]} 39. a4 {[%clk 00:00:35]} {[%emt
00:00:30]} Bb3 {[%clk 00:29:29]} {[%emt 00:03:33]} 40. Ra1 {[%clk 00:00:32]}
{[%emt 00:00:33]} Re7 {[%clk 00:28:17]} {[%emt 00:01:42]} 41. Qd8+ {[%clk
00:00:32]} {[%emt 00:00:31]} Kg7 {[%clk 00:28:31]} {[%emt 00:00:15]} 42. Qd4
{[%clk 00:00:42]} {[%emt 00:00:20]} Be6 {[%clk 00:28:13]} {[%emt 00:00:47]} 43.
Qc3 {[%clk 00:00:32]} {[%emt 00:00:41]} Rd7 {[%clk 00:27:00]} {[%emt 00:01:42]}
44. Bf3 {[%clk 00:00:44]} {[%emt 00:00:19]} h5 {[%clk 00:26:09]} {[%emt
00:01:20]} 45. Rd1 {[%clk 00:00:33]} {[%emt 00:00:42]} Rxd1 {[%clk 00:24:35]}
{[%emt 00:02:03]} 46. Bxd1 {[%clk 00:00:58]} {[%emt 00:00:05]} Qf5 {[%clk
00:24:50]} {[%emt 00:00:15]} 47. Bb3 {[%clk 00:00:40]} {[%emt 00:00:49]} Qxh3+
{[%clk 00:24:07]} {[%emt 00:01:12]} 48. Kg1 {[%clk 00:01:07]} {[%emt 00:00:04]}
Bxb3 {[%clk 00:23:09]} {[%emt 00:01:27]} 49. e6+ {[%clk 00:00:42]} {[%emt
00:00:55]} Kg8 {[%clk 00:21:51]} {[%emt 00:01:48]} 50. Qxb3 {[%clk 00:00:57]}
{[%emt 00:00:16]} Kf8 {[%clk 00:21:56]} {[%emt 00:00:24]} 51. Qe3 {[%clk
00:00:31]} {[%emt 00:00:56]} Ke7 {[%clk 00:22:15]} {[%emt 00:00:10]} 52. Qc5+
{[%clk 00:00:32]} {[%emt 00:00:30]} Kxe6 {[%clk 00:22:27]} {[%emt 00:00:18]} 53.
Qe5+ {[%clk 00:00:50]} {[%emt 00:00:13]} Kf7 {[%clk 00:22:43]} {[%emt
00:00:13]} 54. Qc7+ {[%clk 00:01:04]} {[%emt 00:00:16]} Kf6 {[%clk 00:22:59]}
{[%emt 00:00:14]} 55. Qe5+ {[%clk 00:00:37]} {[%emt 00:00:57]} Kf7 {[%clk
00:23:21]} {[%emt 00:00:07]} 56. Qc7+ {[%clk 00:01:00]} {[%emt 00:00:08]} Kf6
{[%clk 00:23:29]} {[%emt 00:00:21]} 57. Qd8+ {[%clk 00:00:44]} {[%emt
00:00:46]} Kf7 {[%clk 00:23:44]} {[%emt 00:00:15]} 58. Qc7+ {[%clk 00:00:38]}
{[%emt 00:00:37]} Kf6 {[%clk 00:23:55]} {[%emt 00:00:18]} 59. Qd8+ {[%clk
00:00:43]} {[%emt 00:00:26]} Kf7 {[%clk 00:24:17]} {[%emt 00:00:06]} 1/2-1/2